English language teaching : approaches methods techniques (Record no. 206827)

MARC details
000 -LEADER
fixed length control field 00396nam a2200145Ia 4500
008 - FIXED-LENGTH DATA ELEMENTS--GENERAL INFORMATION
fixed length control field 231221s9999 xx 000 0 und d
041 ## - LANGUAGE CODE
Language code of text/sound track or separate title English
082 ## - DEWEY DECIMAL CLASSIFICATION NUMBER
Classification number 372.6 GEE;1 R
100 ## - MAIN ENTRY--PERSONAL NAME
Personal name Geetha Nagaraj
245 #0 - TITLE STATEMENT
Title English language teaching : approaches methods techniques
260 ## - PUBLICATION, DISTRIBUTION, ETC.
Date of publication, distribution, etc. 1996
Name of publisher, distributor, etc. Orient Longman
Place of publication, distribution, etc. Kolkata
300 ## - PHYSICAL DESCRIPTION
Extent v+232
650 ## - SUBJECT ADDED ENTRY--TOPICAL TERM
Topical term or geographic name entry element teaching,:,techniques
942 ## - ADDED ENTRY ELEMENTS (KOHA)
Koha item type Education Library
Holdings
Date last seen Total checkouts Full call number Accession number Cost, total (INR) price Price effective from Category Lost status Damaged status Department Withdrawn status Home library Current library Shelving location Entry date Vendor Cost, normal purchase price Grants Billnumber Billdate Currency symbol Conversion rate Discount Old discount
26/01/2024   372.6 GEE;1 R ED1839 127.50 26/01/2024 Education Library     Central Library   Central Library Central Library Central Library   Sapna Book House 150.00 EDU 31724 19/05/2010 RS 1 22.5 15
26/01/2024   372.6 GEE;2 R1 ED1840 127.50 26/01/2024 Education Library     Central Library   Central Library Central Library Central Library   Sapna Book House 150.00 EDU 31724 19/05/2010 RS 1 22.5 15

© For any Suggestions or Query, please contact the library staff @ librarian@pes.edu or Phone: +9180 2672 1983/ 2108.